书目信息 |
| 题名: |
香蕉营养与施肥
|
|
| 作者: | 樊小林 著 | |
| 分册: | ||
| 出版信息: | 北京 中国农业出版社 2007 |
|
| 页数: | 262页 | |
| 开本: | 21cm | |
| 丛书名: | ||
| 单 册: | ||
| 中图分类: | S668.1 | |
| 科图分类: | ||
| 主题词: | 香蕉--植物营养 , 香蕉--施肥 , 香蕉 , 植物营养 , 施肥 | |
| 电子资源: | ||
| ISBN: | 978-7-109-11310-7 | |
| 000 | 00806nam0 2200265 45 | |
| 005 | 20100303150826.95 | |
| 010 | @a978-7-109-11310-7@dCNY18.00 | |
| 100 | @a20100121d2007 em y0chiy0120 ea | |
| 101 | 0 | @achi |
| 102 | @aCN@b110000 | |
| 105 | @aa z 000yy | |
| 106 | @ar | |
| 200 | 1 | @a香蕉营养与施肥@AXiang Jiao Ying Yang Yu Shi Fei@f樊小林等著@FFan Xiao Lin Deng Zhu |
| 210 | @a北京@c中国农业出版社@d2007 | |
| 215 | @a262页@c图@d21cm | |
| 330 | @a本书介绍了香蕉矿质营养与施肥的历史和现状、香蕉的生长发育规律、香蕉氮磷钾的吸收利用规律等内容。 | |
| 606 | 0 | @a香蕉@x植物营养 |
| 606 | 0 | @a香蕉@x施肥 |
| 606 | 0 | @a香蕉 |
| 606 | 0 | @a植物营养 |
| 606 | 0 | @a施肥 |
| 690 | @aS668.1@v4 | |
| 701 | 0 | @a樊小林@AFan Xiao Lin@4著 |
| 801 | 0 | @aCN@bTANGWEI@c20100303 |
| 905 | @b0585121-24@dS668.1@e182@f4 | |
| 香蕉营养与施肥/樊小林等著.-北京:中国农业出版社,2007 |
| 262页:图;21cm |
| ISBN 978-7-109-11310-7:CNY18.00 |
| 本书介绍了香蕉矿质营养与施肥的历史和现状、香蕉的生长发育规律、香蕉氮磷钾的吸收利用规律等内容。 |
| ● |
| 相关链接 |
|
|
|
|
正题名:香蕉营养与施肥
索取号:S668.1/182
 
预约/预借
| 序号 | 登录号 | 条形码 | 馆藏地/架位号 | 状态 | 备注 |
| 1 | 0585121 | 205851210 | 第二样本阅览室/ [索取号:S668.1/182] | 在馆 | |
| 2 | 0585122 | 205851229 | 密集书库-生命科学系/ [索取号:S668.1/182] | 在馆 | |
| 3 | 0585123 | 205851238 | 第三借阅区/ [索取号:S668.1/182] | 在馆 | |
| 4 | 0585124 | 205851247 | 第三借阅区/ [索取号:S668.1/182] | 在馆 |